000 00649cam a2200229 a 4500
001 14997828
005 20180815080802.0
008 070907s2008 cauab 001 0 eng
010 _a 2007036866
020 _a9780132249508 (student ed.)
020 _a0132249502 (student ed.)
040 _aDLC
_cDLC
_dDLC
041 _aeng
080 _a570
082 0 0 _a570
_222
100 1 _a11
101 _aBIO
245 1 0 _aBiological science /
_cScott Freeman.
906 _a7
_bcbc
_corignew
_d1
_eecip
_f20
_gy-gencatlg
942 _2ddc
_cBK
999 _c47188
_d47188